| 000 | 00569nam a22001457a 4500 | ||
|---|---|---|---|
| 005 | 20120425132649.0 | ||
| 020 |
_a0195653122 _c245.00 |
||
| 035 | _aB-28134 | ||
| 037 |
_aDPL _bENG |
||
| 245 |
_aChanging concepts of rights and justice in South Asia / _cedited by Michael R. Anderson and Sumit Guha |
||
| 260 |
_aNew Delhi _bOxford University Press _c2000 |
||
| 300 |
_axi, 287p. _c20 cms. |
||
| 942 |
_2ddc _cEN _h323.0964 _mCHA |
||
| 999 |
_c65619 _d65619 |
||